| 000 | 00889nam0a22002651 4500 | ||
|---|---|---|---|
| 001 | rc\3430958 | ||
| 005 | 20250610003131.0 | ||
| 021 |
_aRU _b[73-59898] |
||
| 035 | _a(NLR Aleph) 007586167 | ||
| 090 |
_a5561063 _c5561063 |
||
| 100 | _a20130115d1973 |||y0rusy50 ca | ||
| 101 | 0 | _arus | |
| 102 | _aRU | ||
| 105 | _aa z ||||| | ||
| 200 | 1 |
_aУстойчивость упругих тел при конечных деформациях _fАН УССР. Ин-т механики |
|
| 210 |
_aКиев _cНаук. думка _d1973 |
||
| 215 |
_a270 с. _cчерт. _d21 |
||
| 320 | _aСписок лит.: с. 262-266 (98 назв.) | ||
| 606 |
_aУстойчивости теория _2psbo |
||
| 700 | 1 |
_aГузь _bА.Н. _f1939- _gАлександр Николаевич |
|
| 801 | 0 |
_aRU _bNLR _gpsbo |
|
| 801 | 1 |
_aRU _bELAR _2rusmarc |
|
| 852 |
_aNLR _j73-3/5349 |
||
| 942 | _cBOOK | ||
| 980 | _aNB | ||